[Event "Turnier 40 / 120"]
[Site "Wien"]
[Date "2022.04.19"]
[Round "75"]
[White "MCGE ARM CORTEX M7 - 300 MHZ"]
[Black "MCGP ARM CORTEX M4 - 120 MHZ"]
[Result "1/2-1/2"]
[BlackElo "2291"]
[WhiteElo "2405"]

1. b4 e5 2. a3 {Buchende} Nf6 {Buchende} 3. Bb2 {Buchbewertung MCGE: -0,04}
a5 {Buchbewertung MCGP: +0,18 / lt. Komodo ist die Stellung ausgeglichen}
4. Bxe5 Nc6 5. Bb2 axb4 6. Nf3 d5 7. e3 Bd6 8. Bb5 O-O 9. Bxc6 bxc6 10.
axb4 Rxa1 11. Bxa1 Bxb4 12. Ne5 Qd6 13. Nd3 Ba5 14. Be5 Qe7 15. Nc3 Ng4 16.
Qa1 Nxe5 17. Nxe5 Bb7 18. O-O Bb6 19. Ne2 c5 20. Nd3 c4 21. Ndf4 Ra8 22.
Qb2 f6 23. h3 Bc6 {die Stellung ist im Lot, Komodo 0,00} 24. d4 Qa3 25.
Qxa3? {ein schlechter Tausch für Weiss, danach ist Schwarz im Vorteil,
Komodo +0,80, deutlich besser ist Db1} Rxa3 26. h4 Kf7 27. Rb1? {ein ganz
schwacher Zug, danach ist Schwarz schon deutlich im Vorteil, Komodo +1,50
mit der Fortsetzung g5, klar besser ist g4} g5 28. hxg5 fxg5 29. Nh3 h6 30.
Kf1 Bd7 31. Ke1 Bf5 32. Rc1 Ke6 33. Nhg1 c6 34. Kd1 Bc7 35. Rb1 Ra2 36. Rc1
Ba5 {deutlich besser ist Ta3, das kam aber nicht in Frage, da
Stellungswiederholung und somit 0,00 für den MCGP, Komodo sah es natürlich
als Fehlerkorrektur, Komodo -0,80 mit der Fortsetzung Sf3} 37. Nf3 Be4 38.
Ng3 Bxf3+ 39. gxf3 Kf6 40. Rb1 Kg6 41. Ne2 Bc7 42. Kc1? {ein schwacher Zug,
der Schwarz klar in Vorteil bringt, nötig war Tb7 und Schwarz steht nur
knapp besser, Komodo +1,20 für Schwarz} h5? {auch nicht besser, danach ist
Schwarz nur noch knapp im Vorteil mit ca. +0,70, nötig war Ta7} 43. Rb7 Bd8
44. Kb1 Ra6 45. Rd7 Ba5 46. Rd6+ Kh7 47. Rd7+ Kg8 48. Re7 Rb6+ 49. Kc1
{Weiss hat den Ausgleich der Stellung erreicht, Komodo 0,00} Be1 50. Re5 h4
51. Rxg5+ Kf7 52. Rg2 Ra6 53. Kb1 Rb6+ 54. Kc1 Ra6 55. Kb1 Rb6+ 56. Kc1
{Stellungswiederholung} 1/2-1/2
[/pgn]
[pgn]

[Event "Turnier 40 / 120"]
[Site "Wien"]
[Date "2022.04.20"]
[Round "76"]
[White "MCGP ARM CORTEX M4 - 120 MHZ"]
[Black "MCGE ARM CORTEX M7 - 300 MHZ"]
[Result "0-1"]
[BlackElo "2405"]
[WhiteElo "2291"]

1. d4 Nf6 2. c4 e6 3. Nc3 d5 4. Nf3 c6 5. Bg5 h6 6. Bh4 Be7 7. e3 O-O 8.
Bd3 dxc4 9. Bxc4 {Buchende} b5 {Buchende} 10. Bb3 {Buchbewertung MCGP:
+0,90} Nbd7 {Buchbewertung MCGE: -0,81 / lt. Komodo ist die Stellung etwa
gleich} 11. Qc2 Ba6 12. Rd1 Qc7 13. Bg3 Qb7 14. Ne4 Nxe4 15. Qxe4 c5 16.
Bc2 Nf6 17. Qe5? {ein ganz schlechter Zug, die Partie praktisch schon
verliert, Komodo +2,20 mit der Fortsetzung b4} cxd4 {etwas schwächer als
b4, Schwarz bleibt aber klar im Vorteil mit ca. +1,30} 18. Qxd4? {ein
absoluter Verlustzug, danach ist schon alles vorbei für Weiss, Komodo -5,50
mit der Fortsetzung Tfd8, nötig war 0-0 und Weiss hätte den Bauern dafür
geben sollen, um zur Rochade zu kommen} Rfd8 19. Qe5 Rac8! {der richtige
Zug, Komodo +6,00} 20. Rxd8+ Bxd8 21. Bd1 {nochmals ganze 7 Bauereinheiten
!! schlechter als Dd4, aber es spielt keine Rolle mehr, Komodo -14,00} Ba5+
22. b4 Bxb4+ 23. Kf1 Rc1 24. Qd4 Nd5 25. Ne1 Bc3 26. Qg4 b4+ 27. Kg1 Nf6
28. Qf3 Qxf3 29. gxf3 Rxd1 30. Kg2 Bxe1 {Rest geschenkt, der MCGP Pro kommt
wieder einmal zu keiner Rochade und wird folgerichtig sofort bestraft, ein
Debakel für den Aussenseiter in dieser Runde.} 0-1
[/pgn]
[pgn]

[Event "Turnier 40 / 120"]
[Site "Wien"]
[Date "2022.04.20"]
[Round "77"]
[White "MCGE ARM CORTEX M7 - 300 MHZ"]
[Black "MCGP ARM CORTEX M4 - 120 MHZ"]
[Result "1-0"]
[BlackElo "2291"]
[WhiteElo "2405"]

1. c4 Nf6 2. Nc3 e5 3. Nf3 Nc6 4. d3 h6 {Buchende} 5. g3 {Buchende} d5
{Buchbewertung MCGP: +0,06} 6. cxd5 {Buchbewertung MCGE: -0,06 / lt. Komodo
ist die Stellung etwa gleich} Nxd5 7. Bg2 Bb4 8. Bd2 Be6 9. Nxd5 Bxd2+ 10.
Qxd2 Bxd5 11. O-O Nd4 {besser ist 0-0, nach dem Textzug ist Weiss etwas im
Vorteil, Komodo +0,60 mit der Fortsetzung Sxd4} 12. Nxd4 Bxg2 13. Ne6 fxe6
14. Kxg2 O-O 15. Rac1 Qd5+ {besser ist e4, Komodo +1,20 für Weiss mit der
Fortsetzung f3} 16. f3 c5 17. Rc4 b6 18. Qc3 Rf6 19. a3 Rd8 20. b4 cxb4 21.
axb4 Rd7 22. Ra1 Qd6 23. Ra2 Rff7 24. Qa1 Rc7 25. Re4 Qd5? {ein sinnloser
Zug, ist doch klar, dass der Turm auf e5 schlägt und die Dame angreift,
Komodo +2,00 für Weiss} 26. Rxe5 Qd6 27. Qb2 Kh7 28. Ra6 Rce7 29. Rc5 e5
30. Qc3 {klar schwächer als Tc4, Komodo -1,30 mit der Fortsetzung Dd4} Qd4
31. Rc4 Qd5 {klar schwächer als Dxc3, Komodo +2,00 für Weiss} 32. Rc6 Qb5
33. Qc4 {klar schwächer als Ta2, Komodo -1,30 mit der Fortsetzung Dxc4}
Qxc4 34. Rxc4 Kg6 35. Re4 Kg5 36. h3 Kh5 37. Kf2 g5 {besser ist Kg6, Komodo
-2,00} 38. Ke3 Kg6 39. Rc4 Kf5 40. Rc6 Re6 41. Rxe6 Kxe6 42. Ke4 Kd6 43.
Ra2 Rd7 44. h4 Ke6 45. e3 Re7? {ein ganz schwacher Zug, damit ist die
Partie praktisch verloren, Komodo -3,00, deutlich mehr Widerstand bot gxh4}
46. hxg5 hxg5 47. Rh2 Kd6 48. Rh8? {ein ganz schlechter Zug, der den Sieg
in Gefahr bringt, Komodo nur noch +1,00 für Weiss mit der Fortsetzung Kc6,
nötig war natürlich Th6+, das bewertet Komodo bereits mit +3,50, danach
könnte Schwarz schon aufgeben} Kc6 49. Rg8? {der nächste Fehler, Vorteil
versprach noch d4, nach dem Textzug ist die Partie wohl bereits Remis,
Komodo -0,15 mit der Fortsetzung Kb5} a5 {deutlich schwächer als Kb5,
Komodo -1,30} 50. Rg6+ Kb7? {besser ist natürlich Kb5, nach dem Textzug
verspielt Schwarz wohl seine Chancen komplett, Komodo -3,00} 51. bxa5 bxa5
52. Rxg5 a4 53. Rh5 Kb6 54. Rh1 Kc5 55. Rb1 a3 56. g4 {gegen die weisse
Bauernfront ist natürlich kein Kraut mehr gewachsen, Komodo +4,00} a2 57.
Ra1 Ra7 58. Kxe5 Kb4 59. g5 Kc3 60. d4 Kb2 61. Rg1 Re7+ 62. Kf4 a1=Q 63.
Rxa1 Kxa1 64. e4 Rf7+ 65. Ke5 Rxf3 66. d5 Rg3 67. d6 Rxg5+ 68. Kf6 Rh5 69.
d7 Rh6+ 70. Ke7 Rh7+ 71. Kd6 Rh8 72. e5 {Rest geschenkt} 1-0
[/pgn]
[pgn]

[Event "Turnier 40 / 120"]
[Site "Wien"]
[Date "2022.04.21"]
[Round "78"]
[White "MCGP ARM CORTEX M4 - 120 MHZ"]
[Black "MCGE ARM CORTEX M7 - 300 MHZ"]
[Result "1/2-1/2"]
[BlackElo "2405"]
[WhiteElo "2291"]

1. d4 Nf6 2. Nf3 g6 3. c4 Bg7 4. e3 O-O 5. Nc3 c5 6. d5 {Buchende} e6
{Buchende} 7. Bd3 {Buchbewertung MCGP: +0,17} d6 {Buchbewertung MCGE: -0,14
/ lt. Komodo steht Weiss knapp besser mit ca. +0,20} 8. O-O e5 {weniger
gut, nach dem Textzug ist Weiss im Vorteil mit ca. +0,70, besser ist exd5
mit Ausgleich} 9. e4 Nh5 10. Bg5 Bf6 11. Be3 Nf4 12. Qd2 Nxd3 13. Qxd3 Bg7
14. Bg5 Bf6 15. Bc1? {auch andere Züge sind nicht viel besser, aber eine
Figur in die Startlöcher zurückzuschicken mutet immer eigenartig an} Nd7
16. a3 a5 17. Bh6 Bg7 18. Bg5 Nf6 19. b3 h6 {die Stellung ist im Lot} 20.
Bh4 g5 21. Bg3 Nh5 22. Nd2 f5 {weniger gut, da in der Folge das starke Feld
e4 für die weissen Springer zur Verfügung steht, besser ist Sf4, Komodo
+0,40 für Weiss} 23. exf5 Bxf5 24. Nde4 Qd7 25. Nb5 Ra6 26. Rfe1 Nf6 27. f3
Bh7 28. Qd2 Nxe4 29. fxe4 Bg6 30. Qd3 a4 {besser ist T6a8} 31. bxa4 {nicht
ideal, besser ist b4, die Stellung ist im Lot} Rxa4 32. Rf1 Raa8 33. Rad1
Kh7 34. Rb1 Qe7 35. Qe3 Kh8 36. Rbc1 Qd7 37. Rcd1 Kg8 38. Rde1 Qe7 39. h3
Kh7 40. Rc1 Kg8 41. Rcd1 {es tut sich nichts in dieser geschlossenen
Stellung werden im Hintergrund Figuren hin und her geschoben, nach wie vor
alles im Lot} Kh7 42. Rxf8 Rxf8 43. Rb1 Rf7 44. Qe2 Qd7 45. Rf1 Bf8 46. Rf3
Kg7 47. Be1 Rxf3 48. Qxf3 b6 49. Kf2 Be7 50. Bc3 Qc8 51. Ke3 Be8 52. a4 Bd7
53. Kd3 Qa8 54. Qd1 Qf8 55. Qe1 g4 56. hxg4 Qf4 57. Bd2 Qxg4 58. Qe2 Qg6
59. Qf2 Qg4 60. Qe2 Qg6 61. Qf2 Qg4 62. Qe2 {Stellungswiederholung} 1/2-1/2
[/pgn]
[pgn]

[Event "Turnier 40 / 120 "]
[Site "Wien"]
[Date "2022.04.22"]
[Round "79"]
[White "MCGE ARM CORTEX M7 - 300 MHZ"]
[Black "MCGP ARM CORTEX M4 - 120 MHZ"]
[Result "0-1"]
[BlackElo "2291"]
[WhiteElo "2405"]

1. d4 Nf6 2. g3 d5 3. Bg2 Bf5 4. c4 c6 5. Nf3 e6 6. O-O Nbd7 {Buchende} 7.
Nc3 dxc4 {Buchbewertung MCGP: +0,18} 8. a4 {Buchende} Bb4 9. Bf4
{Buchbewertung MCGE: -0,31 / lt. Komodo steht Schwarz etwas besser mit ca.
+0,30} O-O 10. Nh4 Bg4 11. Qc2 Nd5 12. Bd2 Be7 13. h3 Bh5 14. Bf3 Bxf3 15.
Nxf3 a6? {deutlich besser ist Sb4} 16. a5 Nb4 17. Qc1 {besser ist Da4} c5
18. Ne4 cxd4 19. Bxb4 Bxb4 20. Qxc4 Bxa5 21. Qxd4 Bb6 22. Qb4 Nb8 {besser
ist f5, die Stellung ist im Lot} 23. Rfd1 Qc7 24. e3? {ein schwacher Zug,
der Schwarz in Vorteil bringt, deutlich besser ist Dd6, Komodo +0,80 für
Schwarz mit der Fortsetzung Sc6} Nc6 25. Qc3 {immer noch verdiente Dd6 den
Vorzug} Rfd8 26. Rdc1 Rd5 27. Kg2 Rad8 28. Qc4 R8d7? {ein schwacher Zug,
deutlich besser ist De7 oder h6, danach ist Schwarz nur noch knapp im
Vorteil mit ca. +0,50} 29. Qe2 {auch nicht das gelbe vom Ei, deutlich
besser ist b4, Komdo +0,90 für Schwarz} Ba7 30. Qc2 h6 31. Ra3 Qb6 32. Qc4?
{deutlich besser ist Sc3, nach dem Textzug ist Schwarz bereits klar im
Vorteil, Komodo +1,40 mit der Fortsetzung Tb5} Rb5 33. b3 Rb4 34. Qc2 Qb5
35. Ned2 {besser ist Sc3} Qd3 36. Qb2 Rb5 37. Raa1 Rc5 38. Ra2 Bb6 39. Raa1
Rxc1 40. Rxc1 Ba5 41. Nc4 Bc7 42. Qc3 e5 43. Qb2? {deutlich besser ist
Dxd3, Komodo +1,80 für Schwarz mit der Fortsetzung Dd5} f6 {etwas schwächer
als Dd5, Schwarz bleibt aber klar im Vorteil, Komodo +1,40} 44. Rc3? {klar
schwächer als Tc2, Komdo -1,80 mit der Fortsetzung Dd5} Qd5 45. Qd2 Qe6
{die Stellung ist schon klar gewonnen für Schwarz, Komodo +2,10} 46. Qc2 e4
47. Nfd2? {deutlich mehr Widerstand bot noch Sd4, nach dem Textzug ist
alles vorbei für Weiss, Komodo -3,30 mit der Fortsetzung f5} f5 48. Nb1 Nb4
49. Qe2 Nd3 50. Ncd2 Ba5 51. Rc8+ Kh7 {Komodo +4,00} 52. Rc2 Qf6 53. Kg1
Qg5 54. Kf1 Rd8 55. Kg1 Kg8 {klar schwächer als Df6, ändert aber auch
nichts an der klaren Gewinnstellung von Schwarz, Komodo +3,00} 56. Kh2 Kh8?
{ohne Worte} 57. Kg1 Kh7 58. Kf1 Qf6 59. Kg2 Qa1 60. Qf1 Rd5 61. Kh2 Bxd2
62. Rxd2 Rc5 63. Rxd3 exd3 64. Qxd3 {Schwarz hat die Qualität und die
Bauernmehrheit am Damenflügel, hier könnte man sich den Rest schon
schenken, Komodo -6,00} Qe5 65. Nd2 Qd5 66. Qxd5 Rxd5 {Userentscheid: 0-1}
0-1
[/pgn]
[pgn]

[Event "Turnier 40 / 120"]
[Site "Wien"]
[Date "2022.04.22"]
[Round "80"]
[White "MCGP ARM CORTEX M4 - 120 MHZ"]
[Black "MCGE ARM CORTEX M7 - 300 MHZ"]
[Result "1-0"]
[BlackElo "2405"]
[WhiteElo "2291"]

1. e4 e5 2. Nc3 Bc5 3. Na4 {Buchende} Bxf2+ {Buchende} 4. Kxf2 {Buchende}
Qh4+ {Buchbewertung MCGE: -0,68} 5. Ke3 {Buchbewertung MCGP: -0,14 / lt.
Komodo steht Schwarz trotz der geopferten Figur etwas besser mit ca. +0,30}
Qf4+ 6. Kd3 d5 7. Qe1 Bd7? {ein schwacher Zug, danach ist Weiss bereits im
Vorteil, Komodo +0,70 mit der Fortsetzung b3, nötig war Sf6 mit geringem
Vorteil für Schwarz} 8. Nc3? {doch der Aussenseiter kann diese Chance zum
Vorteil nicht nützen, nach dem Textzug ist Schwarz wieder etwas im Vorteil
mit ca. +0,50} dxe4+ 9. Nxe4 Bf5 10. g3? {was um Himmels willen ist das für
ein absurder Zug, danach kann Weiss praktisch schon aufgeben, es ist doch
offensichtlich, dass nach Lxe4+, Dxe4, Dxf1 innerhalb von 2 Zügen eine
Figur verloren geht, warum um Gottes willen nicht Sh3 und der Läufer F1 ist
vom Turm gedeckt, also dieser Zug macht einfach sprachlos, auf diesem
Niveau eigentlich nicht zu glauben (auch der Favorit hatte diesen Zug
erwartet, unfassbar !!!)} Bxe4+ 11. Qxe4 Qxf1+ 12. Ne2 Qf6 {besser ist Df2,
aber auch nach dem Textzug ist Schwarz klar im Vorteil mit ca. +1,60} 13.
Qxb7? {deutlich besser ist c3, nach dem Textzug ist die Partie praktisch
schon verloren, hier gewinnt allerdings ein Zug, der wahrscheinlich von
keinem Oldie gesehen wird, nämlich 13. Sc6 !!!, lässt glatt den Turm A8 mit
Schach sich nehmen, also das zu sehen kann nicht verlangt werden.} Qc6
{verspielt auf einen Schlag den gesamten Vorteil, nach dem Damentausch hat
Weiss natürlich kein Problem mehr mit seinem König in der Brettmitte, die
Stellung ist im Lot, trotzdem hier kein Fragezeichen, der Gewinnzug war
meiner Meinung nach nicht machbar, wahrscheinlich hätte fast jedes Gerät
und auch ein überwiegender Teil der menschlichen Spieler, inkl. mir selbst
hier Dc6 gezogen.} 14. Qxc6+ Nxc6 15. Rf1 h5 16. h3 h4 17. g4 Rb8 18. Kc3
Nf6 19. d3 Nd5+ 20. Kd2 f6 21. b3 Kd7 22. Bb2 Rhd8 23. g5 Ke6 {besser ist
fxg5, nach dem Textzug ist Weiss im Vorteil mit ca. +0,70 mit der
Fortsetzung Tae1} 24. Rae1 Nce7? {ein ganz schwacher Zug, der die Partie
praktisch schon verliert, Komodo +1,40 mit der Fortsetzung gxf6, deutlich
besser war a5} 25. Nf4+? {deutlich schwächer als gxf6, Komodo +0,70 für
Weiss} Nxf4 26. Rxf4 Nf5 27. Kc1 c5 28. Ra4 Rb7 29. Ra5 Nd4? {ein
merkwürdiger Zug, warum nicht Tc7 ? ist der C-Bauer nichts wert ?, Komodo
-1,10} 30. gxf6 {deutlich schwächer als Txc5, Komodo +0,60 für Weiss} gxf6
31. Rxc5 Rb6? {ein Verlustzug, danach ist Weiss bereits entscheidend im
Vorteil, nötig war Tg7 und Kampf ist noch möglich, Komodo +1,70 mit der
Fortsetzung Tc4} 32. Rc4 Rbd6 33. Ba3? {deutlich schwächer als Lxd4, Komodo
+1,10} Ra6 {besser ist Tc6, Komodo +1,60 mit der Fortsetzung Lb2 (das wird
aber der MCGP nicht spielen, denn es wäre eine Stellungswiederholung und
somit 0,00, Komodo sieht es natürlich als Fehlerkorrektur)} 34. Bc5 {knapp
schwächer als Lb2, aber Weiss bleibt klar im Vorteil, Komodo +1,30} Nf5 35.
a4 Rc8 {besser ist Tg8, die Stellung ist verloren für Schwarz, Komodo
-1,80} 36. Ree4 Nd6? {beschleunigt den Untergang, Schwarz sollte in dieser
Lage keinen Figurentausch anstreben, verliert in der Folge auch noch den
H-Bauern in Kürze, was der Favorit in dieser Partie zeigt, ist um ehrlich
zu sein unterste Schublade.} 37. Bxd6 Rxc4 38. Rxc4 Rxd6 39. Rxh4 Rd7 40.
Kd2 Rb7 41. b4 Rg7 42. c4 Rg2+ 43. Kc3 Ra2 44. a5 {Userentscheid: 1-0} 1-0
[/pgn]
[pgn]

[Event "Turnier 40 / 120"]
[Site "Wien"]
[Date "2022.04.23"]
[Round "81"]
[White "MCGE ARM CORTEX M7 - 300 MHZ"]
[Black "MCGP ARM CORTEX M4 - 120 MNZ"]
[Result "1/2-1/2"]
[BlackElo "2291"]
[WhiteElo "2405"]

1. c4 e6 2. Nc3 b6 3. e4 Bb7 4. d4 Bb4 {Buchende} 5. e5 {Buchende} Ne7
{Buchbewertung MCGP: 0,00} 6. Nf3 {Buchbewertung MCGE: -0,04 / lt. Komodo
ist die Stellung exakt gleich 0,00} Bxf3 7. Qxf3 Nbc6 8. Qg4 Nf5 9. Bg5 Be7
10. Bxe7 Qxe7 11. d5 Nxe5 12. Qe4 Ng6 13. d6 Qd8 14. dxc7 Qc8 15. Nb5? {ein
unverständlicher Zug der Springer wird doch sofort mit a6 vertrieben was
soll das bringen ?, danach ist Schwarz klar im Vorteil , Komodo +1,00 mit
der Fortsetzung a6, nach h4 wäre die Stellung im Lot} O-O 16. Rd1 a6 17.
Nd6? {der nächste schwache Zug, danach ist die Partie bereits verloren,
Komodo +1,70 mit der Fortsetzung Dxc7, deutlich mehr Widerstand bot Sc3}
Nxd6 {etwas schwächer als Dxc7, Schwarz bleibt aber klar im Vorteil, Komodo
+1,30} 18. Rxd6 Qxc7 19. Qd4 b5 20. c5? {mit dieser Stellung fängt der
Favorit absolut nichts an und patzt weiter, deutlich besser ist natürlich
Le2, Komodo +1,50 mit der Fortsetzung Da5+} e5 {etwas schwächer als Da5+,
Schwarz bleibt aber klar im Vorteil, Komodo +1,00} 21. Rxd7 Qa5+ 22. Qc3?
{deutlich besser ist Dd2, nach dem Textzug ist die Partie praktisch
verloren, Komdo +1,70 mit der Fortsetzung Dxa2} Qxa2! {klar auf keinen Fall
Dxc3, danach stünde Schwarz nur knapp besser.} 23. Be2 Nf4 24. f3 Rad8?
{ein schwacher Zug, der Weiss wieder Chancen einräumt, Komodo +0,80 für
Schwarz, nach e4 oder b4 wäre Schwarz bereits entscheidend im Vorteil
gewesen mit ca. +1,80} 25. Rxd8 Rxd8 26. Kf2 f6? {verspielt jeglichen
Vorteil, nach dem Textzug ist die Stellung im Lot, Komodo 0,00 mit der
Fortsetzung Td1, Vorteil versprach De6 oder g6} 27. c6? {dieser Zug bringt
Weiss jedoch keinen Ausgleich, Komodo -0,80 mit der Fortsetzung Tc8} Rc8
28. Rc1 Qd5 29. g3 Nxe2 30. Kxe2 Rc7 31. Qc2 Kf7 32. b4 h5 33. h3 Qe6
{besser ist g6, nach dem Textzug ist Schwarz nur noch hauchdünn im Vorteil
mit ca. +0,20 mit der Fortsetzung Dc5} 34. g4 {schwächer als Dc5, Komodo
+0,70 für Schwarz} hxg4 35. hxg4 Qc4+ 36. Qxc4+ bxc4 37. Rxc4 Ke6 38. Kd3
Kd6 39. Rc5 Rxc6 40. Ra5 Kc7 41. b5 axb5 42. Rxb5 {Schwarz hat einen
Mehrbauern, allerdings ohne Freibauern, bei optimaler Verteidigung sollte
Weiss das Remis halten können, es ist trotzdem immer noch Vorsicht geboten,
z.B. könnte Weiss einen unglücklichen Turmtausch zulassen und die Partie
noch verlieren.} Ra6 43. Ke4 Kd6 44. Kf5 Ra3 45. Ke4 Ra4+ 46. Ke3 Ra6 47.
Rb8 g6 48. Rg8 Ra3+ 49. Kf2 g5 50. Rb8 Ke6 51. Rb6+ Kf7 52. Rb7+ Kg6 {der
schwarze König kommt auf dieser Seite nicht mehr durch der Vorstoss f5 ist
natürlich auch nicht mehr erfolgsversprechend, in dieser Stellung geht
nichts mehr, Userentscheid: Remis} 1/2-1/2
[/pgn]
[pgn]

[Event "Turnier 40 / 120"]
[Site "Wien"]
[Date "2022.04.23"]
[Round "82"]
[White "MCGP ARM CORTEX M4 - 120 MHZ"]
[Black "MCGE ARM CORTEX M7 - 300 MHZ"]
[Result "1-0"]
[BlackElo "2405"]
[WhiteElo "2291"]

1. e4 c5 2. Nf3 g6 3. c4 Nc6 4. d4 cxd4 5. Nxd4 Nf6 6. Nc3 d6 7. Be2 Nxd4
8. Qxd4 Bg7 9. Bg5 {Buchende} Be6 {Buchende} 10. c5 {Buchbewertung MCGP:
+0,15} dxc5 {Buchbewertung MCGE: -0,40 / lt. Komodo steht Weiss knapp
besser mit ca. +0,20} 11. Qxc5 Nd7 12. Qa3 h6 {ein schwacher Zug, der Weiss
schon in Vorteil bringt, Komodo +0,80 mit der Fortsetzung Le3, deutlich
besser ist Le5 mit geringem Vorteil für Weiss} 13. Be3 a6 14. O-O Qb8 15.
Qb4 Be5? {ganz schwach, danach ist die Partie bereits verloren für Schwarz,
Komodo +1,60 mit der Fortsetzung f4, nötig war Dd6 mit ca. +0,80 für Weiss}
16. f4 Bd6 17. Qd4 O-O? {und gleich nochmals schlecht, damit ist endgültig
nichts mehr zu retten für Schwarz, Komodo -2,50 mit der Fortsetzung f5,
mehr Widerstand bot noch f6, aber auch danach steht Schwarz schon ganz
schlecht mit ca. -1,80} 18. f5! {der Aussenseiter ergreift die Chance.} Bc5
19. Qd2 Qa7 20. Bf2 {die Partie ist bereits hoffnungslos verloren für
Schwarz, hier wäre lt. Komodo bereits Kg7 die beste Erwiderung und der Le6
ist schon verloren.} gxf5? {diese Stellung überfordert beide Geräte, der
Textzug beschleunigt den Untergang, Komodo +4,00 für Weiss mit der
Fortsetzung Dxh6, besser war noch Kg7 verliert aber natürlich auch schon
klar.} 21. exf5 {klar schwächer als Dxh6, Weiss steht aber nach wie vor auf
Gewinn, Komodo +2,20} Bxf5 22. Nd5 Bxf2+ 23. Rxf2 Be6? {ein ganz schlechter
Zug, der forciert verliert, Komodo +4,00 mit der Fortsetzung Sxe7+,
deutlich mehr Widerstand bot noch Tae8} 24. Nxe7+ Kg7 25. Qc3+ f6?
{nochmals ganze 3 Bauerneinheiten schlechter als Kh7, Komodo -7,00} 26.
Bc4? {ein ganz schlechter Zug, um 4,5 Bauereinheiten schlechter als Dg3+,
aber Weiss steht trotzdem nach wie vor klar auf Gewinn, Komodo +2,50} Bxc4
27. Qxc4 Ne5 28. Nf5+ Kh8 29. Qh4 b5 30. Nxh6 Kg7? {mehr Widerstand bot
noch Sg6, Komodo +4,00 für Weiss} 31. Rf1 Rad8 32. Ng4? {ein schwacher Zug,
nach Kh1 hätte Schwarz bereits am besten Dxf2 gespielt und hätte diese für
einen Turm gegeben, das bewertet Komodo bereits mit +5,00, nach dem Textzug
steht Weiss immer noch klar auf Gewinn, Komodo +2,20} Nxg4 33. Qxg4+ Kf7?
{ein wahrer Katastrophenzug, der schlechtestmögliche, sowohl Kh8 als auch
Kh7 leisten noch erheblichen Widerstand, nach dem Textzug ist alles vorbei,
Komodo +8,00 mit der Fortsetzung Kh1} 34. Kh1! {klar was sonst} Rd6 35.
Qh4? {ebenfalls ein Katastropenzug, nach Dh5+, gefolgt von Tf3 geht bereits
die schwarze Dame für einen Turm verloren, dieser Zug ist um ganze 5
Bauerneinheiten schlechter, trotzdem sollte auch das noch reichen zum
Gewinn, Komodo +3,00} Ke8? {der nächste Megabock, Komodo +8,00 mit der
Fortsetzung Tc1, deutlich mehr Widerstand bot De7} 36. Qh5+? {der nächste
Megabock, dieses Schwerfigurenendspiel mit offenem Brett bietet natürlich
unzählige Möglichkeiten und überfordert aus verständlichen Gründen beide
Geräte, hier beende ich vorläufig die Kommentierung, man muss sonst in der
Tat jeden Zug kommentieren, der Textzug ist gleich wieder um ganze 5
Bauerneinheiten schlechter als Tc1, Komodo "nur" noch +3,00 für Weiss} Qf7
37. Qc5 Qd5 38. Qc2 Kd8 39. Rc1 Qe6? {verliert sofort, nötig war Dc4 und
Kampf wäre noch möglich, Komodo +8,00 mit der Fortsetzung Dc7+} 40. Rd2
{gleichwertig mit Dc7+ gewinnt auch Komodo +8,00} Rxd2 41. Qxd2+ Qd7 42.
Qe1 Qg4 43. Qa5+ Ke8 44. Qc7 Qe2 45. Qb7 Qe7 46. Rc8+ {Rest geschenkt, ein
Partie wie sie der Bediener nicht gerne hat zeigte hier schonungslos die
Grenzen beider Geräte auf, was aber insbesondere für den Favoriten gilt,
der hier eine fast schon unmögliche Figur macht, mit Sicherheit eine der
schlechtesten Partien überhaupt, die ich jemals vom Genius Exclusive
gesehen habe.} 1-0
[/pgn]
[pgn]